Statistics for Guess the Taylor Swift song with no hints ~12

Click here to take the quiz!

General Stats

  • This quiz has been taken 320 times
  • The average score is 127 of 215

Answer Stats

Answer% Correct
I
100%
A
99%
a
99%
The
98%
you
97%
You
97%
And
91%
and
91%
It
91%
We
91%
we
91%
In
90%
in
90%
my
90%
be
89%
to
89%
love
85%
on
85%
were
85%
no
84%
so
84%
it's
82%
of
82%
I'm
81%
who
81%
go
77%
not
75%
what
74%
but
72%
But
72%
don't
72%
just
71%
I'll
70%
was
70%
are
68%
I'd
65%
oh
65%
think
65%
see
64%
been
62%
one
62%
with
62%
had
59%
some
58%
our
57%
out
57%
down
51%
back
50%
friends
50%
there's
49%
yeah
49%
that's
48%
days
44%
even
44%
glitch
42%
Glitch
42%
supposed
42%
two
40%
live
39%
thought
38%
nothing
37%
nights
36%
Nights
36%
what's
36%
sorry
35%
part
34%
town
34%
Five
33%
kind
33%
maybe
33%
myself
33%
someone
33%
stitch
33%
later
32%
must
32%
seconds
32%
blood
30%
give
30%
let's
30%
system
30%
weekend
30%
dance
29%
chance
28%
Depending
28%
situation-ship
28%
fastening
27%
starry
27%
blackout
26%
breaking
26%
counterfeit
26%
hundred
26%
mood
26%
sweat
26%
thousand
26%
romance
25%
system's
25%
else's
24%
moonlit
24%
playground
24%
wanting
24%
brief
23%
glorious
23%
interruption
23%
ninety
23%
slight
23%
malfunction
22%
happenings
21%
search
20%
dudes
19%
happenstance
19%

Score Distribution

Percentile by Number Answered

Percent of People with Each Score

Your Score History

You have not taken this quiz